| 000 | 00524nam a2200181 i 4500 | ||
|---|---|---|---|
| 001 | 95689 | ||
| 003 | ES-MaACL | ||
| 005 | 20250822063141.0 | ||
| 007 | t| | ||
| 008 | 050602s1961 sp ||||1| spa d | ||
| 100 | 1 |
_aLlorens Artigas, Josep, _d1892-1981 _972886 |
|
| 245 | 1 | 0 |
_aFormulario y prácticas de cerámica / _cJosé Llorens Artigas. |
| 260 |
_aBarcelona : _bGustavo Gili, _c1961. |
||
| 300 |
_a452 p. ; _c18 cm. |
||
| 650 | 4 |
_aCerámica. _9135756 |
|
| 852 |
_aES-MaACL _jC-20216 |
||
| 999 |
_c95689 _d95689 |
||